Lecturas afines: texto para segundo grado
Gespeichert in:
| 1. Verfasser: | |
|---|---|
| Format: | keine Angabe |
| Sprache: | Spanisch |
| Erschienen: |
Buenos Aires
Independencia
1937?
|
| Ausgabe: | 4a ed. |
| Katalog: | MANES: Suchergebnis im Bibliothekskatalog |
| Schulbuchspezifische Eigenschaften: |
|
| Tags: |
Tag hinzufügen
Keine Tags, Fügen Sie den ersten Tag hinzu!
|
| Hinzugefügt zu: | 26.04.2016 |
| Geändert in: | 07.05.2025 |
MARC
| LEADER | 000000000a22000000004500 | ||
|---|---|---|---|
| 001 | 35940 | ||
| 003 | OSt | ||
| 005 | 20250507125811.0 | ||
| 008 | 160427s ar ||||| |||| 00| 0 spa d | ||
| 041 | |a Español | ||
| 561 | |5 ar-DOCE |a Argentina. Biblioteca del Docente |k MANES | ||
| 691 | 0 | |a PRI | |
| 100 | 1 | |a Giménez Errecart, Norberto |9 18319 | |
| 245 | 0 | 0 | |a Lecturas afines: texto para segundo grado |
| 250 | |a 4a ed. | ||
| 260 | 3 | |a Buenos Aires |b Independencia |c 1937? | |
| 300 | |a 183 p. |c 18 x 14 cm. | ||
| 500 | |a Signatura topográfica: HTA1937GIMl1(Sala A). Aprobado por el Consejo Nacional de Educación Exp. E. 16.407 - 1937. Ilustraciones en blanco y negro, tapas duras. | ||
| 690 | 0 | |a EyL | |
| 942 | |2 ddc |c BK | ||
| 546 | |a Argentina | ||
| 999 | |c 39596 |d 39596 | ||
| 999 | |c manes:39596 |d 39596 | ||